Score 0/20 Timer 03:00
1 Play Today
% Correct
Fry Cook
90.4%
Boating Teacher
88.7%
Cashier
86.6%
Owner of the Krusty Krab
85.3%
Super Hero
85%
Super Hero
84.2%
Lifeguard
80.9%
Owner of the Chum Bucket
78.7%
King of the Ocean
78.6%
Assistant to Plankton
78.4%
% Correct
Scientist; Inventor
75.5%
Super Villain
75.3%
Ghost Pirate
75.3%
Super Villain
73.8%
TV Reporter
73.1%
Multi-Millionaire Entrepreneur
72.2%
Peanut Mascot
68.2%
Pirate; Fan Club President
62.7%
TV Reporter
60.5%
Leader of the 'Jellyspotters'
56.6%
Remove Ads.
Support Sporcle.
Get the best of Sporcle when you Go Orange. This ad-free experience offers more features, more stats, and more fun while also helping to support Sporcle. Thank you for becoming a member.

You're not logged in!

Compare scores with friends on all Sporcle quizzes.
OR
Log In

Sporcle TV

Today on Sporcle TV


Watch our educational content, quiz creation guides, and fun videos on Sporcle TV.

Show Comments

Extras

Top Quizzes Today


Score Distribution

Paid Content

Your Account Isn't Verified!

In order to create a playlist on Sporcle, you need to verify the email address you used during registration. Go to your Sporcle Settings to finish the process.

Report this User

Report this user for behavior that violates our Community Guidelines.

Details: